Normal view
MARC view
- Analysis Real & Complex
Entry Topical Term
001 - CONTROL NUMBER
- control field: 114099
003 - CONTROL NUMBER IDENTIFIER
- control field: NUST
005 - DATE AND TIME OF LATEST TRANSACTION
- control field: 20230811123038.0
008 - FIXED-LENGTH DATA ELEMENTS
- fixed length control field: 230811|| aca||aabn | a|a d
040 ## - CATALOGING SOURCE
- Original cataloging agency: NUST
- Transcribing agency: NUST
150 ## - HEADING--TOPICAL TERM
- Topical term or geographic name entry element: Analysis Real & Complex
670 ## - SOURCE DATA FOUND
- Source citation: Work cat.: (NUST): Denis, R. Y 80328, Analysis Real & Complex, 2005.
